|
|
|
|
| LEADER |
00000nam a2200000 a 4500 |
| 001 |
vtls001431018 |
| 003 |
SK-MaSNL |
| 005 |
20260301013219.0 |
| 008 |
160415s2001 xo 0 slo |
| 015 |
|
|
|a SNBG2002/03-01148
|
| 035 |
|
|
|a SNK000386054
|
| 040 |
|
|
|a SNK
|b slo
|c SNK
|e AACR2
|
| 041 |
0 |
|
|a slo
|
| 044 |
|
|
|a xo
|c SK
|
| 080 |
|
|
|a 551.21(058)"2002"
|2 1981
|
| 245 |
1 |
|
|a Vulcanus 2002
|h grafika
|c photo: Tomáš Míček, Liza Kellner
|
| 260 |
|
|
|a [Banská Bystrica]
|b Spektrum Grafik
|c [2001]
|
| 300 |
|
|
|a [7] listov
|b fotogr.
|c 36×33cm
|
| 500 |
|
|
|a Tlač obojs.
|
| 650 |
0 |
7 |
|a sopky
|2 SNK
|9 29299
|
| 655 |
|
7 |
|a nástenné kalendáre
|2 SNK
|9 70664
|
| 700 |
1 |
|
|a Míček, Tomáš
|4 fot
|9 299570
|
| 700 |
1 |
|
|a Kellner, Liza
|4 fot
|9 299571
|
| 958 |
|
|
|a TL
|
| 999 |
|
|
|c 555521
|d 557451
|
| 952 |
|
|
|t P60, <03>, [BOOK], {603}
|a SNK
|b SNK
|y PREZ
|7 0
|p 17A0336919
|o snkOSA 634
|i snkKSP 3124/2002
|0 0
|1 0
|4 0
|d 2002-03-26
|l 0
|r 2005-01-02 00:00:00
|w 2026-02-23
|
| 952 |
|
|
|t P60, <04>, [BOOK], {604}
|a SNK
|b SNK
|y VYP
|7 0
|p 17A0336920
|o snkOSA 634 D1
|i snkKSP 3125/2002
|0 0
|1 0
|4 0
|d 2002-03-26
|l 0
|r 2005-01-02 00:00:00
|w 2026-02-23
|